00334nam a2200145Ia 4500003000400000005001700004008004100021040000700062041000800069082001700077100002000094245002100114260004500135365000800180OSt20230701101851.0210423s9999 xx 000 0 und d cAL aeng a301 PAIS223 aPARI (Richard). aSamaja shodhana. bCentr for social actionaBangaluruc2004 cINR